| 000 | nam a22 7a 4500 | ||
|---|---|---|---|
| 999 |
_c27158 _d27158 |
||
| 008 | 170207b xxu||||| |||| 00| 0 eng d | ||
| 020 | _a9780195308297 | ||
| 050 | _aRJ 506 .K43 2007 | ||
| 100 |
_aKearney, Christopher A. _d2007 |
||
| 245 |
_aWhen children refuse school: _bA cognitive-behavioral therapy approach/ _cChristopher A. Kearney, Anne Marie Albano. |
||
| 250 | _a2nd ed. | ||
| 260 |
_aFrance: _bOxford university press, _c2007. |
||
| 300 |
_avi, 194p.: _bill.; _c28cm. |
||
| 650 | _aSchool phobia. | ||
| 650 | _aCognitive therapy. | ||
| 700 | _aAlbano, Anne Marie. | ||
| 942 |
_2lcc _cBOOKS _hRJ 506 .K43 2007 |
||